000 00596nam a2200169 a 4500
008 120416s1977 ||||||||||||||||| || u
020 _a0276001796
050 _aREF G 1021 Rea
110 _aThe Reader's Digest Association
245 1 0 _aThe Reader's Digest great world atlas. (3rd ed.)
250 _a3rd ed.
260 _aLondon:
_bReader's Digest Association
_c1977
300 _a182p. : ill.
350 _a0.00
650 _aTEXTBOOKS
995 _D0.00
_FCBU-MAIN LIBRARY (Kitwe)
_H1
_I33.00
_ULOST
_ZMain Library Open Access Collection
999 _c55636
_d55636